00868pam a2200253 a 45000010008000000030004000080050017000120080041000290100017000700200027000870400031001140500015001451000028001602450075001882600061002633000047003243360026003713370028003973380025004255040052004506500041005026500043005437000028005864019085OSt20240802101010.0971203s1998 enka b 001 0 eng  a 97050580  a1840644531 (paperback) aNUSTcNUSTdNUSTbengerda00aHJ1620 HOS1 aHossain, Akhand Akhtar.10aOpen-economy macroeconomics for developing countries /cAkhtar Hossain aCheltenham, UK ;aNorthampton, MA :bElgar Pub.,c@1998. axi, 252 pages. :billustrations. ;c25 cm. 2rdacontentatextbtxt 2rdamediaaunmediatedbn 2rdamediaavolumebnc aIncludes bibliographical references and index. 0aFiscal policyzDeveloping countries. 0aMonetary policyzDeveloping countries.1 aChowdhury, Anis,d1954-